Juventus Current Squad - Statistics

General Stats
  • This quiz has been taken 3,359 times
    1,497 since last reset
  • The average score is 16 of 28
Answer Stats
# Player % Correct
9 Dušan Vlahović
90%
3 Bremer
81%
7 Federico Chiesa
79%
6 Danilo
76%
1 Wojciech Szczęsny
76%
5 Manuel Locatelli
70%
12 Alex Sandro
69%
4 Federico Gatti
69%
Head Coach Massimiliano Allegri
68%
36 Mattia Perin
68%
25 Adrien Rabiot
64%
10 Paul Pogba
63%
8 Weston McKennie
61%
11 Filip Kostić
59%
44 Nicolò Fagioli
59%
14 Arkadiusz Milik
57%
18 Moise Kean
56%
20 Fabio Miretti
54%
2 Mattia De Sciglio
51%
24 Daniele Rugani
50%
23 Carlo Pinsoglio
46%
19 Leonardo Bonucci
46%
22 Timothy Weah
45%
43 Samuel Iling-Junior
36%
30 Matías Soulé
30%
21 Kaio Jorge
17%
28 Denis Zakaria
12%
33 Marley Aké
7%
No matching quizzes found
Score Distribution
Percent of People with Each Score
Percentile by Number Answered
Your Score History
You have not taken this quiz since the last reset